000 01097cam a2200325 a 4500
999 _c7281
_d7281
001 17736944
003 OSt
005 20210927110137.0
008 130514s2010 ug ab b 000 0 eng d
010 _a 2012313513
020 _a9789970250028
020 _a9970250027
035 _a(OCoLC)ocn795339621
040 _aZ@L
_beng
_cDDC
_dHLS
_dSTF
_dDLC
042 _alccopycat
_alcode
050 0 0 _aDT115
_b.O37 2010
082 0 4 _a551.46OES 2010
100 1 _aOestigaard,Terje;
_92038
245 1 0 _aNile issues.
_bSmall streams from the Nile Basin Research Programme.
_cEdited by Oestigaard,Terje;
246 3 0 _aSmall streams from the Nile Basin Research Programme
260 _aKampala :
_bFountain Publishers,
_c2010.
300 _a64p
_bcol. ill., map ;
_c21 cm.
504 _aIncludes; bibliographical references.
610 2 0 _aNile Basin Research Programme.
_914949
650 _aBiology
_95602
651 0 _aNile River Watershed.
_914951
906 _a7
_bcbc
_ccopycat
_d3
_encip
_f20
_gy-gencatlg
942 _2ddc
_cO_SHELF